02685nkc a2200373za 450000100060000000300040000600500170001000700070002700800410003404000240007510000410009924500510014026000240019130001010021550003260031650001930064250000650083550001340090050001680103450400520120250500490125451001510130351002100145456101300166461000540179465100260184865500400187470000600191485200120197485601500198694200250213695201330216199900170229484705OSt20260324130937.0kh boc250410s19101911sp ||||| ||||||0| i|spa d aM-RABAbspacM-RABA1 aElorza, Lorenzod(1861-1931)911106810aSan Vicentejo b: Puerta de la ermitac/ L. E. c[ca. 1910 – 1911] a1 fotografía b: gelatina de plata c; imagen 17 x 12 cmc; soporte secundario 26,5 x 21,5 cm  aVista de la portada de la ermita de la Purísima Concepción en San Vicentejo, donde el arco de medio descansa en cuatro columnas, tres de ellas de fuste reticulado y una cuarta con decoración en zigzag y capiteles decorados con vegetación e imposta de ajedrezado sobre ellos. Federico Baraibar figura en la puerta. aFotografía montada sobre soporte secundario de cartulina azul enmarcada con orla en relieve. Título y numeración manuscrita que hace referencia a la posición en la serie “150”. aSello con monograma del fotógrafo en tinta roja “L.E.” aFechas tomadas de la ejecución del positivo de las fotografías, incluido el soporte secundario. (Soto Madrazo, Javier. 2008). aForma parte de un conjunto de 167 fotografías empleadas por Federico Baráibar Zumárraga para la elaboración del Inventario del Románico en Álava (1911) aBaraibar, F.: "Rincones artísticos", M. 1914. aSan Vicentejo.- Puerta de la ermita. / L. E. aDescripción tomada de: Soto Madrazo, Javier (2008). Federico Baraibar y el Inventario del Románico en Álava: una caja con 167 fotografías. aEsta colección fue utilizada posteriormente por Cristóbal de Castro para la elaboración y publicación del "Catálogo Monumental de España: provincia de Álava", Madrid, S. de Rivadeneira, 1915. aDonadas junto con la memoria manuscrita a la Academia por el mismo Baraibar (Sesión 12 de febrero de 1912, Archivo: 4-32-1)27aErmita de la Concepción (San Vicentejo)9111653 7aÁlava2embne975661 0aFotografías de monumentos91115801 aBaráibar y Zumárraga, Federico d(1851-1918)912926 jFot-259 3Fot-259uhttps://archivoybiblioteca.realacademiabellasartessanfernando.com/cgi-bin/koha/opac-retrieve-file.pl?id=85ba3a5c990f56d32d1cbef88fccf728 2ddccFOTOGRAFÍAn0 00102ddc40708FOTOGRAFIAaRABASFbRABASFcDP2d2025-05-07l0oFot-259p1095591r2025-05-07 10:23:03w2025-05-07yFOTOGRAFÍA c84705d84705